| 000 | 00725nam a2200241Ia 4500 | ||
|---|---|---|---|
| 001 | 16468 | ||
| 003 | GE_BSU | ||
| 008 | 181216s||||||||xx |||||||||||||| ||und|| | ||
| 020 | _a978-2011558176 | ||
| 040 | _cGE_BSU | ||
| 080 | _a811.133.1 | ||
| 100 | _aBerthet,Annie. emanuel daill,Caterine Hugont, Véronique M Kizirian, Béatrix Sampsonis,Monique Waendendries | ||
| 245 | _aAlter Ego + A2 | ||
| 245 | _bGuide pédagogique : methode de francais | ||
| 260 | _aParis | ||
| 260 | _bHachette Français Langue Etrangère | ||
| 260 | _c2013 | ||
| 300 | _a240 pages: ill.;28cm. | ||
| 541 | _h88gel. | ||
| 653 | _aAlter Ego + A2 | ||
| 653 | _aფრანგული ენა,გრამატიკა | ||
| 942 | _cBK | ||
| 999 |
_c49539 _d49539 |
||